Indian art and cullture: (Record no. 146750)

MARC details
000 -LEADER
fixed length control field 00902nam a22002297a 4500
005 - DATE AND TIME OF LATEST TRANSACTION
control field 20171020155623.0
008 - FIXED-LENGTH DATA ELEMENTS--GENERAL INFORMATION
fixed length control field 171020b xxu||||| |||| 00| 0 eng d
010 ## - LCCN (DPL NO)
LC control number B-680567
020 ## - INTERNATIONAL STANDARD BOOK NUMBER
International Standard Book Number 9789385880490
020 ## - INTERNATIONAL STANDARD BOOK NUMBER
International Standard Book Number 9385880497
035 ## - SYSTEM CONTROL NUMBER
System control number B-680567
037 ## - SOURCE OF ACQUISITION
Source of stock number/acquisition Pansy Books
040 ## - CATALOGING SOURCE
Original cataloging agency dpl
Language of cataloging en
082 ## - DEWEY DECIMAL CLASSIFICATION NUMBER
Classification number 700.954
100 ## - MAIN ENTRY--PERSONAL NAME
Personal name Singhania, Nitin
245 ## - TITLE STATEMENT
Title Indian art and cullture:
Statement of responsibility, etc by Nitin Singhania
Remainder of title for Civil Services preliminary and main examinations/
260 ## - PUBLICATION, DISTRIBUTION, ETC. (IMPRINT)
Place of publication, distribution, etc New Delhi
Name of publisher, distributor, etc McGraw Hill Education(India)
Date of publication, distribution, etc 2016
270 ## - ADDRESS
Address P-24, Green Park Extension(India) Pvt. Limited
City New Delhi
Postal code 110016
300 ## - PHYSICAL DESCRIPTION
Extent xxi, vp
Dimensions 24cm(pbk)
942 ## - ADDED ENTRY ELEMENTS (KOHA)
Source of classification or shelving scheme Dewey Decimal Classification
Item type English Books
Classification part 700.954
Call number suffix SIN
Holdings
Withdrawn status Lost status Source of classification or shelving scheme Damaged status Not for loan Collection code Home library Current library Date acquired Source of acquisition Cost, normal purchase price Total Checkouts Total Renewals Full call number Barcode Date last seen Copy number Koha item type
    Dewey Decimal Classification     Non-fiction Sarojini Nagar Sarojini Nagar 20/10/2017 Pansy Books/1664/25.8.17/DPL/ZLS/RP/2017-18/1/130/24.8.17/25.8.17 470.00 7 6 700.954 SIN B-680567 27/11/2025 1 English Books

© Delhi Public Library
Hit Counter
free hit counter